"New" Places - Statistics

General Stats
  • This quiz has been taken 34 times
  • The average score is 8 of 15
Answer Stats
Hint Answer % Correct
Capital of India New Delhi
100%
The Big Apple New York
100%
Most populous state of Australia New South Wales
90%
Second largest island in the world New Guinea
77%
"New Scotland" on the Atlantic. Canadian maritime province Nova Scotia
77%
The Big Easy New Orleans
73%
Island country in the Pacific Ocean. Named after a Dutch province New Zealand
73%
"New Scotland" in the Pacific. Collectivity of overseas France New Caledonia
70%
City on the Ob river in Siberia Novosibirsk
43%
Constantine's original name for Constantinople Nova Roma
37%
Colonial name for Vanuatu New Hebrides
27%
Largest island in the Bismarck archipelago New Britain
20%
Archipelago in the Russian Far North. "New Land" Novaya Zemlya
17%
Historical Spanish viceroyalty corresponding to modern Colombia, Ecuador, Venezuela and Panama New Granada
13%
Largest administrative region of France by area Nouvelle Aquitaine
10%
No matching quizzes found
Score Distribution
Percent of People with Each Score
Percentile by Number Answered
Your Score History
You have not taken this quiz